[Event "TCh-RUS Major League 2016"]
[Site "Sochi RUS"]
[Date "2016.05.09"]
[Round "8.1"]
[Board "4"]
[White "Arslanov, Shamil"]
[Black "Palchun, Grigory"]
[Result "1-0"]
[WhiteTitle "IM"]
[WhiteElo "2398"]
[BlackElo "2320"]
[WhiteTeam "SergArk team Moscow"]
[BlackTeam "SDYUSSHOR SHSH St-Petersburg"]
[WhiteFideId "4192826"]
[BlackFideId "24147338"]
[EventDate "2016.05.01"]

1. d4 Nf6 2. c4 e6 3. g3 Bb4+ 4. Bd2 Qe7 5. Nf3 Bxd2+ 6. Qxd2 Nc6 7. Nc3 d5 8.
Bg2 dxc4 9. Ne5 Nxe5 10. dxe5 Nd7 11. Qd4 Qc5 12. Qxc5 Nxc5 13. Nb5 Kd8 14. Rc1
Bd7 15. Rxc4 Bxb5 16. Rxc5 c6 17. b3 Kc7 18. a4 Ba6 19. Kd2 Rad8+ 20. Ke3 Rd7
21. b4 Rhd8 22. Rhc1 Kb8 23. Rb1 Rd1 24. Rcc1 Rxc1 25. Rxc1 Rc8 26. f4 g6 27. g4
Rc7 28. f5 exf5 29. gxf5 Re7 30. Kf4 Bxe2 31. f6 g5+ 32. Kf5 Re8 33. Bf1 Bxf1
34. Rxf1 Kc7 35. Re1 Kd7 36. Rd1+ Kc7 37. Re1 Kd7 38. Rd1+ Kc7 39. Rd4 b6 40.
Re4 Kd7 41. Rd4+ Kc7 42. b5 c5 43. Rg4 h6 44. h4 Kd7 45. hxg5 hxg5 46. Rxg5 Rh8
47. e6+ fxe6+ 48. Ke5 Rh4 49. Rg7+ Ke8 50. Rxa7 c4 51. a5 c3 52. axb6 Rb4 53.
Kxe6 Re4+ 54. Kf5 Rb4 55. Rc7 c2 56. Rxc2 Rxb5+ 57. Kg6 Rxb6 58. Kg7 Rb7+ 59.
Kg8 1-0

[Event "TCh-RUS Major League 2016"]
[Site "Sochi RUS"]
[Date "2016.05.09"]
[Round "8.2"]
[Board "1"]
[White "Chekhov, Sergei"]
[Black "Chigaev, Maksim"]
[Result "1/2-1/2"]
[WhiteTitle "IM"]
[BlackTitle "IM"]
[WhiteElo "2465"]
[BlackElo "2552"]
[WhiteTeam "Voronezh Voronezh"]
[BlackTeam "Peter's Boat St-Petersburg"]
[WhiteFideId "4195639"]
[BlackFideId "4108116"]
[EventDate "2016.05.01"]

1. e4 e6 2. d4 d5 3. Nc3 Bb4 4. exd5 exd5 5. Bd3 c6 6. Ne2 Ne7 7. a3 Bd6 8. O-O
O-O 9. Bf4 Bf5 10. Bxd6 Qxd6 11. Ng3 Bxd3 12. Qxd3 Nd7 13. Rfe1 Rfe8 14. Re3 Ng6
15. Rae1 Nf6 16. Rxe8+ Rxe8 17. Rxe8+ Nxe8 18. Qe3 Qe6 19. b3 Nd6 20. Qxe6 fxe6
21. h3 Kf7 22. Nge2 h5 23. g4 hxg4 24. hxg4 e5 25. Kg2 exd4 26. Nxd4 Nf4+ 27.
Kf3 g5 28. Nde2 Ne6 29. Ke3 Kf6 30. Nd1 Nf7 31. f4 gxf4+ 32. Nxf4 d4+ 33. Kf3
Nfg5+ 34. Kg3 Ne4+ 35. Kf3 N4g5+ 36. Kg3 Ne4+ 37. Kf3 N4g5+ 1/2-1/2